000 00495nam a22001817a 4500
003 UA-OsUOA
001 7503
007 ta
008 20040616b un ||||| |||| 00| 0 ukr d
100 _aЯщук В.
942 _cSA
040 _aUA-OsUOA
_cUA-OsUOA
_dUA-OsUOA
245 _aРадивилову - 440 років
_cВ. Ящук; О. Сисюк
300 _aС.13
955 _a0
773 0 _w0
_tВільне слово
_dРівне
_d2004
_g№43/11 черв./
650 7 _aІсторія
_2UDC
999 _c293664
_d293664